| 000 | 01148nam a2200229Ia 4500 | ||
|---|---|---|---|
| 001 | L953-44306 | ||
| 003 | IT-CnALBA | ||
| 008 | 170116s9999||||xx |||||||||||||| ||und|| | ||
| 040 |
_aIT-CnALBA _cIT-CnALBA |
||
| 041 | _aITALIANO | ||
| 100 | _aSIMONCELLI PAOLO | ||
| 245 | 0 | _aGENTILE E IL VATICANO. 1943 E DINTORNI. | |
| 250 | _a1a ed. | ||
| 260 |
_a FIRENZE _bLE LETTERE CASA EDITR. _c1997 [1° Ed.:1997 - Ed.Ling.Originale: 1997] |
||
| 300 | _a155 p. | ||
| 500 | _aINDICE ONOMASTICO. INTRODUZIONE. ANNUNZIO DI UNA UDIENZA. MONSIGNORE COSTANTINI GENTILE E L'ISMEO. CONSONANZE. LA MIA RELIGIONE. INCONTRI CON IL CARDINALE SALOTTI. POLEMICHE ED EQUIVOCI. COMMENTI VATICANE E DISSONANZE ECCLESIASTICHE. | ||
| 501 | _aSocietà San Paolo EM - Piazza San Paolo, 14 - 12051 ALBA (CN) (non commercial uses only) ® Copyright 2017 | ||
| 520 | _aINDICE ONOMASTICO. INTRODUZIONE. ANNUNZIO DI UNA UDIENZA. MONSIGNORE COSTANTINI GENTILE E L'ISMEO. CONSONANZE. LA MIA RELIGIONE. INCONTRI CON IL CARDINALE SALOTTI. POLEMICHE ED EQUIVOCI. COMMENTI VATICANE E DISSONANZE ECCLESIASTICHE. | ||
| 650 | _aFASCISMO | ||
| 942 | _cBK | ||
| 957 | _71 | ||
| 999 |
_a50056 _bNO _g Copie: 1 _c303258 _d303258 |
||